Рапорт командующего третьей сотней грузинской дружины подпоручика князя Ратнева начальнику ариергарда Кодорского отряда капитану...

Доступно только в Электронных читальных залах Найти на картеНа карте
RUSMARC
00003940nmc2a22002533x 450
001753335fe-dbdc-4b1b-b0db-3591d8b9392d
00520230905001148.0
100##$a20230404l18531853k l0rusy0189 ca
1010#$arus
102##$aRU
105##$ay###
1220#$ad
2001#$aРапорт командующего третьей сотней грузинской дружины подпоручика князя Ратнева начальнику ариергарда Кодорского отряда капитану [К.П.] фон Кауфману о раненых и контуженых бойцах отряда, о награждении отличившихся и о пополнении запаса патронов
$j16 июля 1853 г.
215##$a1 л.
$d24х38,5 см
251##$cДело
300##$aКонстантин Петрович фон Кауфман (1818-1882 годы). Материалы, связанные со служебной деятельностью. По военно-инженерной службе на Кавказе
300##$aВ инвентарной описи указано:"16 июня 1853 г"
371##$aДокумент не является опубликованным и широко распространяемым
461#0$100190e07281-0192-43e2-b84a-6d6cf747817c
$12001
$aФон Кауфманы и фон Кауфманы Туркестанские
$1251
$cФонд
$1852
$j954
462#0$1001ff04dd05-f76b-4284-9957-af4e9e6c0442
$12001
$aМатериалы к истории рода Kауфманов; личные и служебные документы К.П., М.П., П.М. Кауфмана
$1251
$cОпись
$1852
$j1
801#0$aRU
$bРГИА
$c20230404
$gRCR
801#1$aRU
$bГлавНИВЦ
$c20230404
$2rusmarc
801#2$aRU
$bПБ им. Б.Н. Ельцина
$c20230905
$gRCR
$2rusmarc
850##$aРГИА
852##$aРГИА
$eФедеральное казенное учреждение "Российский государственный исторический архив" (РГИА)
$j71
937##$hРГИА
$d12390465
$aASBIBLIO_SCAN
035##$aRusGRCC00059480
856##$uhttp://readingroom.main.prlib.ru/item.aspx?id_node=n187358174&mode=full
Формат отображения